[Event "World Amateur-ch U1700"]
[Site "Muscat"]
[Date "2023.11.07"]
[Round "6.10"]
[White "Zadock, Nyakundi"]
[Black "Shelke, Omkar"]
[Result "0-1"]
[WhiteElo "1630"]
[BlackElo "1512"]
[PlyCount "84"]
[EventDate "2023.11.02"]
[EventType "swiss"]
[EventRounds "9"]
[EventCountry "OMN"]
[SourceTitle "CB46_2023"]
[SourceDate "2023.11.15"]
[SourceVersion "1"]
[SourceVersionDate "2023.11.15"]
[SourceQuality "1"]

1. e4 c5 2. Nf3 e6 3. d3 d5 4. Nbd2 Nc6 5. g3 Nf6 6. Bg2 Be7 7. 0-0 0-0 8. e5 Nd7 9. Re1 Qc7 10. Qe2 b6 11. Nf1 Bb7 12. Bf4 Rac8 13. h4 Nd4 14. Qd1 Qc6 15. N3h2 f6 16. exf6 Bxf6 17. h5 e5 18. Bd2 Qc7 19. c3 Ne6 20. Qg4 Rce8 21. f4 Qd6 22. f5 Nd8 23. Ne3 e4 24. dxe4 dxe4 25. Rad1 Ne5 26. Qh3 Nd3 27. Bc1 Qc7 28. Nhg4 Nxe1 29. Nxf6+ gxf6 30. Rxe1 Nf7 31. Nc4 Ng5 32. Qg4 h6 33. Bf4 Qg7 34. Nd6 Re7 35. Qe2 Rd8 36. Kh2 Bc6 37. a4 Kh7 38. Ra1 Nf3+ 39. Kh3 Rg8 40. Bh1 Qg4+ 41. Kg2 Qxf4 42. Kf2 Qxg3+ 0-1

[Event "Asia-ch Amateur"]
[Site "Muscat"]
[Date "2022.10.05"]
[Round "9"]
[White "Shelke, Omkar"]
[Black "Dadabaev, Janybek"]
[Result "0-1"]
[WhiteElo "1460"]
[BlackElo "1902"]
[PlyCount "140"]
[EventDate "2022.09.29"]
[EventType "swiss"]
[EventRounds "9"]
[EventCountry "OMN"]
[SourceTitle "CBM 210 Extra"]
[Source "ChessBase"]
[SourceDate "2022.11.30"]
[SourceVersion "1"]
[SourceVersionDate "2022.11.30"]
[SourceQuality "1"]

1. d4 d5 2. e3 e6 3. Nf3 c5 4. Ne5 Nc6 5. f4 Nf6 6. Bd3 cxd4 7. Nxc6 bxc6 8. exd4 Qb6 9. c3 c5 10. Qa4+ Bd7 11. Qa6 Qc7 12. 0-0 Rb8 13. Be2 Bd6 14. Qd3 0-0 15. g4 cxd4 16. cxd4 Bb5 17. Qf3 Bxe2 18. Qxe2 Qb6 19. Rd1 Ne4 20. Nc3 Nxc3 21. bxc3 Rfc8 22. Bd2 Qc7 23. Qe3 Rb2 24. Rf1 Rcb8 25. Rf2 Qe7 26. a4 f5 27. Re1 Rb1 28. Rfe2 Rxe1+ 29. Rxe1 fxg4 30. Qxe6+ Qxe6 31. Rxe6 Rd8 32. f5 Kf7 33. Bg5 Rd7 34. Kg2 h6 35. Bh4 Bf4 36. Bg3 Bd2 37. Be5 h5 38. Rg6 Kf8 39. h3 gxh3+ 40. Kxh3 Rf7 41. Bd6+ Kg8 42. Be5 Kh7 43. Kh4 Bh6 44. Rd6 Rxf5 45. Rxd5 Bd2 46. c4 Be1+ 47. Kh3 g5 48. Rd7+ Kg6 49. Rg7+ Kh6 50. Rxa7 Rf2 51. Ra6+ Kh7 52. Ra7+ Kg6 53. Ra6+ Kf7 54. Ra7+ Ke6 55. d5+ Kxe5 56. Re7+ Kf4 57. Rf7+ Ke3 58. Re7+ Kd2 59. Rxe1 Kxe1 60. d6 Rc2 61. a5 Rc3+ 62. Kg2 Ra3 63. c5 Rxa5 64. d7 Ra2+ 65. Kg3 h4+ 66. Kh3 Ra3+ 67. Kh2 Rd3 68. c6 g4 69. c7 Kf2 70. d8Q Rh3# 0-1